000 005060000a22001810004500
003 LK-CoMWRAF
008 230817t ||||| |||| 00| 0 eng d
020 _a9558398004
040 _aLK-CoMWRAF
_dLK-CoMWRAF
_eLK-CoMWRAF
041 _aeng
082 _a150
_bLIN
100 _aMartin Lings
245 _aMoolathara noolhalin adippadayil muhammed averhalathu valvu
_bMUHAMMAD ------His life based on the-------
250 _a5th
260 _aColombo
_bFUZIN TEXTS
_Y1985
300 _ap.684
942 _cBK
999 _c366
_d366